000 00955nam a22002297a 4500
005 20240530110521.0
008 160218s2012 ua g 000 0 ara d
017 _a2011/21012
_bمصر . دار الكتب المصرية
020 _a9789773504492
040 _aEG-CaGPL
082 0 4 _221
_a953.071\
_bم ع
100 0 _aمحمد حسن العيدروس
245 1 2 _aالعصر الاندلسى :
_bخروج العرب من الاندلس : التطهير العرقى و جرائم الابادة الجماعية ضد المسلمين فى اسبانيا /
_cمحمد حسن العيدروس
250 _aط1
260 _aالقاهرة :
_bدار الكتاب الحديث ،
_c2012 .
300 _a327 ص ؛
_c24 سم .
490 _aموسوعة اسبانيا الاسلامية
650 0 4 _aالاندلس
_xتاريخ
650 0 4 _aالعرب فى اسبانيا
942 _2ddc
_cBK
999 _c61903
_d61903